| 000 | nam a22 7a 4500 | ||
|---|---|---|---|
| 999 |
_c328716 _d328716 |
||
| 003 | Nust | ||
| 005 | 20170414112941.0 | ||
| 008 | 170414b xxu||||| |||| 00| 0 eng d | ||
| 040 | _c0 | ||
| 082 | _a363.7 SDP | ||
| 245 |
_aPakistan Environment Digest: _bA Selection of Clipping on The Environment |
||
| 260 |
_aIslamabad _bSDPI _c1997 |
||
| 300 | _a154p. | ||
| 500 | _aP.B | ||
| 942 |
_2ddc _cBK _k363.7 SDP |
||